000 00269nam a2200097Ia 4500
001 1073792
005 20250827002208.0
008 250824s9999 xx 000 0 und d
245 0 _aYAVUZ SULTAN SELİM VE KUTSAL EMANETLER
_cYAVUZ BAHDIROĞLU
260 _bPANAMA YAYINLARI
999 _c1073792
_d1073792